1314 1090 1461 1571 1064 1437 1295 1713 1533 1664 1143 1110 1893 1531 1850 1422 1836 1293 1521 1068 1791 1784 1103 1264 1243 1343 1306 1365 1004 1665 1787 1016 1600 1920 1174 1706 1494 1051 1987 1234 1244 1617 1032 1751 1879 1890 1502 1288 1217 1222 1196 1356 1417 1288 1724 1633 1101 1520 1232 1170 1686 1777 1967 1289 1273 1575 1440 1160 1339 1260 1972 1031 1143 1207 1821 1486 1437 1695 1327 1587 1496 1070 1092 1793 1679 1494 1947 1725 1076 1466 1309 1404 1214 1149 1083 1142 1899 1515 1443 BCNSPRNW ULIB Ver.6.0+V

เปลี่ยนเป็นภาษาไทย

Change to English
 แสดงรายละเอียดบรรณานุกรม
  กลับหน้าหลัก

Brief Record : Get Marc (ISO 2709) : E-mail record : QR code < ปิดหน้าต่าง
LEADER : 00000nam 2200000uu 4500
001    13399115158
003     ULIB
008    120713s2552||||th 000 0 tha d
020    ^a9789745985353
060 04 ^aWQ13^bว336ศ
100 0  ^aวรุณวรรณ ผาโคตร
245 10 ^aศัพท์ :^bแม่ เด็กและเวชศาสตร์ครอบครัว = Vocabulary in maternal child and family practitioner /^cวรุณวรรณ ผาโคตร,สิรนาถ นุชนาถ
246 31 ^aVocabulary in maternal child and family practitioner
250    ^aพิมพ์ครั้งที่ 1
260    ^aกรุงเทพฯ :^bเค. เอส. พี.,^c2552
300    ^a295 หน้า
504    ^aบรรณานุกรม: หน้า 295
650  2 ^aFamily practice^xDictionaries
650  2 ^aMedicine^xDictionaries
700 00 ^aสิรนาถ นุชนาถ,^eผู้แต่งร่วม
945    ^p199^l0^i19148
945    ^p199^l0^i19149
995    ^a เกษร
999    ^aใช้งานได้ทุกระบบ
รายการนี้ยังไม่มีแท็ก
คุณยังไม่ได้ล็อกอิน คุณสามารถมีกิจกรรมร่วมกับเว็บไซต์ได้ แต่ต้องล็อกอินก่อน ::
  ล็อกอิน

รายการสื่อสารสนเทศ

ลำดับที่ ประเภท เลขเรียก/บาร์โค้ด สถานที่ สถานะ
- ไม่พบข้อมูล -

รายการใกล้เคียง
    ผู้แต่ง [วรุณวรรณ ผาโคตร]

    หัวเรื่อง [Medicine Dictionaries]

BibComment


ยังไม่เคยถูกคอมเมนท์

คอมเมนท์ทรัพยากรรายการนี้
  คอมเมนท์: ศัพท์ แม่ เด็กแ..


 Copyright 2026. Bcnsprnw @Library